000 01210nam a2200337 a 4500
003 MX-MxUPN
005 20240810063759.0
008 991125r20142011mx r 000 0 spa u
020 _a9786071707413
035 _aUPN01000025473
040 _aMX-MxUPN
_bspa
_cMx-MxUPN
041 1 _aspa
_heng
050 4 _aBF637
_bT9.38
100 1 _aTyler, Leona E.
_d1906-1993
_q(Leona Elizabeth),
_947696
240 1 4 _aThe work of the counsellor.
_lEspañol
245 1 3 _aLa función del orientador
250 _aTercera edición en español
260 _aMéxico, D.F. :
_bTrillas,
_c2011 (reimpresión, 2014).
300 _a349 páginas :
_bilustraciones, tablas
490 _aBiblioteca técnica de psicología
500 _aEs bibliografía básica de la Licenciatura en Pedagogía.
500 _aTraducción de: The work of the counselor.
610 2 4 _aUniversidad Pedagógica Nacional (México).
_bLicenciatura en Pedagogía
_950106
650 4 _aPsicología aplicada
_916401
650 4 _aOrientación psicológica
_910238
650 4 _aOrientación vocacional
_95
700 1 _aPineda Arce, José
_etraducción
_947695
902 _aNoemiAcosta/270123
942 _2lcc
_cLIBRO
999 _c209061
_d209061